| 000 | 02522cam a22002174a 4500 | ||
|---|---|---|---|
| 005 | 20250605163948.0 | ||
| 008 | 250528s ||||||||||||||||||||||||d | ||
| 035 | _a15294 | ||
| 020 | _a71164723 | ||
| 040 |
_aGR-AtMCL _bgre _dGR-AtMCL _eAACR2 |
||
| 245 | 1 | _aManagerial Accounting / Instructor's Edition: Fourth Edition | |
| 250 | _a4th | ||
| 260 |
_bIrwin Mcgraw-Hill, _c1999 |
||
| 300 | _a816 | ||
| 505 | 0 | _aFundamentals and Cost-Accumulation Systems, Managerial Accounting: An Overview, Basic Cost Terms and Concepts, Product Costing and Job-Order Costing Systems, Process Costing and Hybrid Product-Costing Systems, Cost Management Systems and Activity-Based Costing and Activity-Based Management, Activity-Based Costing and Cost Management Systems, Activity-Based Management and the New Manufacturing Environment, Planning and Control Systems, Activity Analysis and Cost Behavior and Cost Estimation, Cost-Volume-Profit Analysis, Budgeting: Profit Planning and Control Systems, Flexible Budgeting and Overhead Cost Control, Investment Centres and Tranfer Pricing, Using Accounting Information in Decision Making, Decision Making: Relevant Costs and Benefits, Cost Analysis and Pricing Decisions, Capital Expenditure Decisions: An Introduction, Further Aspects of Capital Expenditure Decisions, Selected Topics for Further Study, Cost Allocation: A Closer Look, Variable and Absorption Costing, Glossary. | |
| 520 | _aFundamentals and Cost-Accumulation Systems, Managerial Accounting: An Overview, Basic Cost Terms and Concepts, Product Costing and Job-Order Costing Systems, Process Costing and Hybrid Product-Costing Systems, Cost Management Systems and Activity-Based Costing and Activity-Based Management, Activity-Based Costing and Cost Management Systems, Activity-Based Management and the New Manufacturing Environment, Planning and Control Systems, Activity Analysis and Cost Behavior and Cost Estimation, Cost-Volume-Profit Analysis, Budgeting: Profit Planning and Control Systems, Flexible Budgeting and Overhead Cost Control, Investment Centres and Tranfer Pricing, Using Accounting Information in Decision Making, Decision Making: Relevant Costs and Benefits, Cost Analysis and Pricing Decisions, Capital Expenditure Decisions: An Introduction, Further Aspects of Capital Expenditure Decisions, Selected Topics for Further Study, Cost Allocation: A Closer Look, Variable and Absorption Costing, Glossary. | ||
| 700 | 1 |
_aHilton Ronald W _91179 |
|
| 942 | _cBK | ||
| 999 |
_c884 _d884 |
||